000 00964nam a2200265 i 4500
001 37255
003 ES-MaACL
005 20230906155532.0
007 t|
008 030220q1953 fr ||||1| fre d
245 0 0 _aBucoliques grecs /
_ctexte établi et traduit par Ph. E. Legrand.
250 _a4eme ed. rev. et corr.
260 _aParis :
_bLes Belles Lettres,
_c1953 (
_fDorel)
300 _a2 v. ;
_c20 cm.
490 1 _aCollection des Universités de France
505 8 _aContiene: T. I: Théocrite. Idylles. -- T. II: Théocrite contesté et Pseudo-Téocrite. Moschos et Pseudo-Moschos. Bion et Pseudo-Bion. Poémes figurés
650 4 _aPoesías pastoriles griegas.
_9163114
700 1 _aLegrand, Ph. E.
_971299
700 0 _aTeócrito.
_9109711
700 0 _aMosco.
_983748
700 1 _aBión de Esmirna.
_9163116
830 0 _aCollection des Universités de France
_9180876
852 _aES-MaACL
_jC-15241-2
_bR.43395
999 _c37255
_d37255